00655 a2200181 4500001000700000003000400007005001700011008004100028082001400069100001700083245008900100260002900189300001000218690011300228942001200341999001300353952010700366066149OSt20210915104151.0  a510bW95T1 aWu, Jianhong1 aTheory and applications of partial functional differential equationscby Jianhong Wu aNew YorkbSpringerc2009 a429p. aFunctional differential equations; Mathematics; Cell aggregation--Mathematics; Global analysis (Mathematics) 2ddccBK c334d334 00102ddc40708TXBaCURAJbCURAJd2012-03-07eMTHg595.00o510 W95Tp435r2024-11-21w2020-09-02yBK